|
|
|
|
| LEADER |
00854nam a22002177a 4500 |
| 001 |
27893 |
| 003 |
BD-DhAAL |
| 008 |
140305s2014 b a b 001 0 eng |
| 040 |
|
|
|a BD-DhAAL
|c BD-DhAAL
|
| 041 |
|
|
|a eng
|
| 082 |
|
|
|2 22
|a 332.095492
|
| 100 |
1 |
|
|a Hossain, Md. Toufique
|9 3946
|
| 245 |
1 |
0 |
|a Bangaldesh share market :
|b looking ahead after two big crashes /
|c Md. Toufique Hossain.
|
| 260 |
|
|
|a Dhaka :
|b A H Development Publishing House,
|c 2014
|
| 300 |
|
|
|a 484 p. :
|b ill. ;
|c 22 cm.
|
| 504 |
|
|
|6 Includes bibliographical references (469-478 p.) and index.
|
| 541 |
|
|
|e 27893
|
| 650 |
|
|
|a Capital market
|z Bangladesh
|9 3947
|
| 942 |
|
|
|2 ddc
|c BK
|
| 999 |
|
|
|c 14199
|d 14199
|
| 952 |
|
|
|0 0
|1 0
|2 ddc
|4 0
|6 332_095492000000000_HOS
|7 0
|9 23952
|a IGS
|b IGS
|c GEN
|d 2014-03-05
|e A H Development Publishing House
|g 1200.00
|l 0
|o 332.095492 HOS
|p 3010027893
|r 2014-03-05
|t 1
|w 2014-03-05
|y BK
|